000 00688cam a2200229I 4500
001 49857
005 20230410101628.0
008 910716s1936 ht a f000 0 fre d
041 _afre
050 1 4 _a110 E 183.8
_bP326s 1936
082 0 0 _a327.7294
100 1 _aPauleus-Sannon, Horace
245 1 0 _aSix mois de Ministere en face des Etats-Unis /
_c[par] H. Pauleus Sannon
260 _aPort-au-Prince :
_bA.A. Héraux,
_c[1936]
300 _aiv, 174 p.
_c23 cm.
651 0 _aHaiti
_xForeign relations
_zUnited States.
651 0 _aUnited States
_xForeign relations
_zHaiti.
650 4 _aCEH
650 4 _aColección Estudios Haitianos
942 _2lcc
_cbk
994 _aC0
_bDRFGD
999 _c11247
_d11247